घर और अदालत: (Record no. 67615)

MARC details
000 -LEADER
fixed length control field 00918nam a22001697a 4500
005 - DATE AND TIME OF LATEST TRANSACTION
control field 20120607103954.0
020 ## - INTERNATIONAL STANDARD BOOK NUMBER
International Standard Book Number 9780143068235
Terms of availability 325.00
037 ## - SOURCE OF ACQUISITION
Source of stock number/acquisition पेंगुइन बुक्स
100 ## - MAIN ENTRY--PERSONAL NAME
Personal name सेठ, लीला
245 ## - TITLE STATEMENT
Title घर और अदालत:
Statement of responsibility, etc लीला सेठ, प्रदीप तिवारी द्वारा अनुदित
Remainder of title एक महिला चीफ जस्टिस की कलम से/
260 ## - PUBLICATION, DISTRIBUTION, ETC. (IMPRINT)
Place of publication, distribution, etc नई दिल्ली
Name of publisher, distributor, etc पेंगुइन बुक्स
Date of publication, distribution, etc 2010
270 ## - ADDRESS
Address 11, कम्युनिटी सेंटर, पंचशील पार्क
Postal code 110017
City नई दिल्ली
300 ## - PHYSICAL DESCRIPTION
Extent xvi,384 पृ.
Dimensions 22 सें.मी.(अजिल्द)
942 ## - ADDED ENTRY ELEMENTS (KOHA)
Source of classification or shelving scheme Dewey Decimal Classification
Item type Hindi Books
Call number suffix सेठली
Holdings
Withdrawn status Lost status Not for loan Home library Current library Date acquired Cost, normal purchase price Full call number Cost, replacement price Koha item type
      Andrews Gunj Andrews Gunj 07/06/2012 325.00 सेठली 325.00 Hindi Books

© Delhi Public Library
Hit Counter
free hit counter